000 00841nam a22002297a 4500
005 20100525103047.0
008 100525t xxu||||| |||| 00| 0 eng d
010 _aEN-96167
020 _a9788189983307
_c450.00
035 _aEN-79700
037 _bDBAD/PUB
040 _aDPL
_bEng
082 _a371.2
100 _aAneja,Om Prakash
_920357
245 _aManagement of education /
_cby Om Prakash Aneja
260 _aNew Delhi
_bKSK Publishers & Distributors
_c2010
270 _a7/26, Basement, Ansari Road, Darya Ganj
_bNew Delhi
_e110002
300 _a228p.
_c22cm (Hb)
500 _aIncludes bibliographical references
942 _2ddc
_cEN
_mANE
_h371.2
999 _c36311
_d36311